| 000 | 01466nam a2200445 i 4500 | ||
|---|---|---|---|
| 003 | EG-ScBUE | ||
| 005 | 20250701091232.0 | ||
| 006 | m||||fq||h 00| 0 | ||
| 008 | 150817t2007 caua f bd 001 0 eng d | ||
| 020 | _a0495125407 | ||
| 020 | _a9780495125402 | ||
| 040 |
_aEG-ScBUE _beng _erda _cEG-ScBUE _dEG-ScBUE |
||
| 082 |
_a540 _bINT _222 |
||
| 100 | _a | ||
| 245 | 0 | 0 |
_aIntroduction to general, organic, and biochemistry / _cFrederick A. Bettelheim ... [and three others] |
| 246 | 3 | 0 | _aGeneral, organic, and biochemistry |
| 250 | _aEighth edition. | ||
| 250 | _aInternational student edition. | ||
| 264 | 1 |
_aBelmont, CA : _bThomson Brooks/Cole, _c[2007] |
|
| 264 | 4 | _cc2007 | |
| 300 |
_a1 volume (various pagings) : _billustrations (some color) ; _c29 cm + _e1 CD |
||
| 336 |
_2rdacontent _atext _btxt |
||
| 336 |
_2rdacontent _atext _btxt |
||
| 337 |
_aaudio _2rdamedia _bs |
||
| 337 |
_ardamedia _2unmediated _bn |
||
| 338 |
_avolume _bnc _2rdacarrier |
||
| 338 |
_acomputer disc _bcd _2rdacarrier |
||
| 500 | _aIncludes glossary. | ||
| 500 | _aIncludes appendix. | ||
| 504 | _aIncludes bibliographical references and index. | ||
| 590 | _aMenna Elemam | ||
| 650 | 7 |
_aChemistry _vTextbooks. _2BUEsh |
|
| 650 | 7 |
_aBiochemistry _2BUEsh |
|
| 650 | 7 |
_aChemistry, Organic _2BUEsh |
|
| 651 | _2BUEsh | ||
| 653 |
_bENGCHE _cAugust2015 |
||
| 655 | _vReading book | ||
| 700 | 1 |
_a Bettelheim, Frederick A. _d1932- _eauthor. |
|
| 942 |
_cBB _2ddc |
||
| 999 |
_c2381 _d2381 |
||